• 首页
  • 本馆介绍
  • 公告通知
  • 最新文献
  • 馆藏检索
  • 电子资源
  • 读者导购
  • 参考咨询
  • 我的图书馆
  • 登录
  • 详细信息显示
  • 放入我的书架
  • 预约/预借图书
  • 作者相关作品
  • 分类相关作品
  • 丛书相关作品
  • 出版社相关作品

书目信息

  • 表格格式
  • 工作单格式
  • 卡片格式
题名:
无机及分析化学
    
 
作者: 叶芬霞 主编
分册:  
出版信息: 北京   高等教育出版社  2008
页数: 271页
开本: 26cm
丛书名:
单 册:
中图分类: O61 , O65
科图分类:
主题词: 无机化学--高等教育--教材 , 分析化学--高等教育--教材 , 无机化学 , 分析化学
电子资源:
ISBN: 978-7-04-023661-3
000 01027nam0 2200277 45
005 20100303154056.00
010    @a978-7-04-023661-3@dCNY23.60
100    @a20100120e2008 ekmy0chiy0120 ea
101 0  @achi
102    @aCN@b110000
105    @ay z 000yy
106    @ar
200 1  @a无机及分析化学@AWu Ji Ji Fen Xi Hua Xue@f叶芬霞主编@FYe Fen Xia Zhu Bian
210    @a北京@c高等教育出版社@d2008
215    @a271页@d26cm
300    @a普通高等教育“十一五”国家级规划教材高等职业教育化学化工类规划教材
330    @a本书内容包括:气体和溶液、化学反应速率与化学平衡、物质结构、定量分析基础、酸碱平衡和酸碱滴定法、重量分析法和沉淀滴定法、氧化还原反应和氧化还原滴定法、配位平衡和配位滴定法、吸光光度法、元素及其化合物选述、化学热力学基础等。
606 0  @a无机化学@x高等教育@j教材
606 0  @a分析化学@x高等教育@j教材
606 0  @a无机化学
606 0  @a分析化学
690    @aO61@v4
690    @aO65@v4
701  0 @a叶芬霞@AYe Fen Xia@4主编
801  0 @aCN@bTANGWEI@c20100303
905    @b0584090-92@dO61@e138@f3
    
    无机及分析化学/叶芬霞主编.-北京:高等教育出版社,2008
    271页;26cm
    普通高等教育“十一五”国家级规划教材高等职业教育化学化工类规划教材
    
    ISBN 978-7-04-023661-3:CNY23.60
    本书内容包括:气体和溶液、化学反应速率与化学平衡、物质结构、定量分析基础、酸碱平衡和酸碱滴定法、重量分析法和沉淀滴定法、氧化还原反应和氧化还原滴定法、配位平衡和配位滴定法、吸光光度法、元素及其化合物选述、化学热力学基础等。
●
相关链接 在E读中查询图书 在五车中查询图书 在当当中查询图书 在豆瓣中查询图书


正题名:无机及分析化学     索取号:O61/138         预约/预借

序号 登录号 条形码 馆藏地/架位号 状态 备注
1 0584090   205840900   第二样本阅览室/ [索取号:O61/138] 在馆    
2 0584091   205840919   第三借阅区/ [索取号:O61/138] 在馆    
3 0584092   205840928   第三借阅区/ [索取号:O61/138] 在馆    
欢迎您!
大连网信软件有限公司© 版权所有